000 00662cam a2200229 a 4500
001 2821162
005 20240214055047.0
008 831122s1982 ii a b 001 0 eng
020 _a0195613406 :
040 _aDLC
_cDLC
_dDLC
082 0 0 _a307.76.
_219
_bJOH.
100 1 _aHarriss, John.
245 1 0 _aCapitalism and peasant farming :
_bagrarian structure and ideology in northern Tamil Nadu /
_cJohn Harriss.
260 _aBombay :
_bOxford University Press,
_c1982.
300 _axviii, 358 p. :
500 _aIncludes index.
650 0 _aAgriculture
650 0 _aAgriculture
650 0 _aAgricultural productivity
650 0 _aPeasants
942 _cL
999 _c391
_d391